[Event "Offene Hessische Senioren Einzelmeisters"]
[Site "Bad Sooden- Allendorf"]
[Date "2011.05.02"]
[Round "3.86"]
[White "Grams, Arthur"]
[Black "Grüneschild, Hildegard"]
[Result "1-0"]
[WhiteElo "1940"]
[BlackElo "1634"]
[PlyCount "74"]
[EventDate "2011.??.??"]

1. Nf3 Nf6 2. d4 g6 3. Bg5 Bg7 4. Nbd2 d6 5. e4 O-O 6. c3 c5 7. d5 h6 8. Bh4
Nbd7 9. Be2 Nh7 10. Nc4 g5 11. Bg3 Ndf6 12. Qc2 Nh5 13. O-O-O Nf4 14. Bxf4 gxf4
15. Qd2 f5 16. e5 b5 17. Na3 b4 18. cxb4 cxb4 19. Nc4 a5 20. Qxf4 dxe5 21.
Nfxe5 Qc7 22. Kb1 Ng5 23. d6 exd6 24. Nxd6 Be6 25. Bc4 Bxc4 26. Qxc4+ Qxc4 27.
Nexc4 a4 28. f4 Ne6 29. g3 Nc5 30. Rd5 Ne4 31. Nxf5 a3 32. Nxg7 Kxg7 33. Rd4
Nc5 34. Re1 axb2 35. Kxb2 Na4+ 36. Kb3 Nc3 37. a4 Nxa4 {
weitere 22 Züge nicht rekonstruierbar} 1-0

[Event "Offene Hessische Senioren Einzelmeisters"]
[Site "Bad Sooden- Allendorf"]
[Date "2011.05.02"]
[Round "3.87"]
[White "Wieprecht, Gerhard"]
[Black "Lübbers, Dr. Doris"]
[Result "1-0"]
[WhiteElo "1922"]
[BlackElo "1602"]
[PlyCount "77"]
[EventDate "2011.??.??"]

1. e4 c5 2. Nf3 d6 3. d4 cxd4 4. Nxd4 g6 5. Nc3 a6 6. Be3 Bg7 7. Bc4 Nc6 8. Bb3
Bd7 9. Qd2 Nf6 10. f3 Nxd4 11. Bxd4 Bc6 12. O-O-O O-O 13. g4 e5 14. Be3 Ne8 15.
h4 Qe7 16. h5 Qc7 17. hxg6 Nf6 18. gxf7+ Rxf7 19. Bxf7+ Kxf7 20. Nd5 Bxd5 21.
exd5 Rh8 22. g5 Ng8 23. Qd3 h6 24. Qf5+ Ke8 25. Qe6+ Qe7 26. Qc8+ Kf7 27. g6+
Kxg6 28. Rdg1+ Kf7 29. Qg4 Qf6 30. Qh5+ Kf8 31. Rg6 Qe7 32. Re6 Qd8 33. Qf5+
Nf6 34. Rg1 Rg8 35. Qg6 Nxd5 36. Bxh6 Qd7 37. Bxg7+ Rxg7 38. Re8+ Qxe8 39.
Qxg7# 1-0

[Event "Offene Hessische Senioren Einzelmeisters"]
[Site "Bad Sooden- Allendorf"]
[Date "2011.05.02"]
[Round "3.88"]
[White "Wauer, Klaus"]
[Black "Fromme, Werner"]
[Result "1/2-1/2"]
[WhiteElo "1835"]
[BlackElo "1935"]
[PlyCount "78"]
[EventDate "2011.??.??"]

1. e4 c5 2. Nf3 d6 3. d4 cxd4 4. Nxd4 Nf6 5. Nc3 a6 6. Be2 e5 7. Nb3 Be6 8. f4
exf4 9. Bxf4 Nc6 10. Bf3 Ne5 11. Be2 Qc7 12. Nd4 Bc4 13. Qd2 Bxe2 14. Qxe2 Be7
15. Nd5 Nxd5 16. exd5 O-O 17. Bxe5 dxe5 18. Nf5 Bf6 19. c4 g6 20. Ne3 Be7 21.
a3 Bc5 22. Rc1 a5 23. O-O Qb6 24. Rf3 f5 25. Kh1 e4 26. Rh3 Rf7 27. Nd1 Qf6 28.
Rcc3 b6 29. Ne3 Qd4 30. Qd1 Qe5 31. Rc2 Rd8 32. Re2 h5 33. Qe1 Rdf8 34. Rg3 Rg7
35. Rg5 Qf6 36. h4 Bd6 37. g3 Be7 38. Qf2 Bd6 39. Ng2 Bc5 1/2-1/2

[Event "Offene Hessische Senioren Einzelmeisters"]
[Site "Bad Sooden- Allendorf"]
[Date "2011.05.02"]
[Round "3.89"]
[White "Girod, Gudrun"]
[Black "Lüders, Dr. Günther"]
[Result "0-1"]
[WhiteElo "1568"]
[BlackElo "1870"]
[PlyCount "87"]
[EventDate "2011.??.??"]

1. d4 d5 2. e3 Nf6 3. Nf3 e6 4. Be2 Be7 5. O-O O-O 6. Nbd2 Nbd7 7. c3 c5 8. Qc2
a6 9. e4 dxe4 10. Nxe4 Nxe4 11. Qxe4 Nf6 12. Qc2 h6 13. Be3 Qc7 14. dxc5 Bxc5
15. Bxc5 Qxc5 16. Rad1 Bd7 17. Qb1 Rad8 18. h3 Nd5 19. Qc1 Qa5 20. a3 Qc7 21.
g3 Bb5 22. Rd4 Bc6 23. c4 Nf6 24. Rxd8 Rxd8 25. Qe3 Be4 26. b3 Qa5 27. b4 Qc7
28. c5 Bc6 29. Rd1 Nd5 30. Qc1 Qe7 31. Kh2 Qf6 32. Qa1 Qxa1 33. Rxa1 Nc3 34.
Ne5 Nxe2 35. Nxc6 bxc6 36. Ra2 Nc3 37. Rc2 Ne4 38. f3 Rd2+ 39. Rxd2 Nxd2 40.
Kg2 Nb1 41. a4 Nc3 42. f4 Nxa4 43. Kf3 Nc3 44. Ke3 0-1

[Event "Offene Hessische Senioren Einzelmeisters"]
[Site "Bad Sooden- Allendorf"]
[Date "2011.05.02"]
[Round "3.90"]
[White "Fister, Horst-Lothar"]
[Black "Kühnl, Bernd"]
[Result "0-1"]
[WhiteElo "1669"]
[BlackElo "1892"]
[PlyCount "50"]
[EventDate "2011.??.??"]

1. Nf3 Nf6 2. d4 g6 3. e3 Bg7 4. c4 d6 5. Nc3 Bg4 6. Be2 Nbd7 7. b4 O-O 8. a4
c5 9. b5 e5 10. h3 exd4 11. exd4 cxd4 12. hxg4 dxc3 13. Bh6 Bxh6 14. g5 Bg7 15.
gxf6 Qxf6 16. Qc2 Rfe8 17. Rd1 Nc5 18. Kf1 Re4 19. g3 Rae8 20. Re1 Qe7 21. Kg2
Rxe2 22. Rxe2 Qxe2 23. Qxe2 Rxe2 24. Kf1 Ra2 25. Kg2 c2 0-1

[Event "Offene Hessische Senioren Einzelmeisters"]
[Site "Bad Sooden- Allendorf"]
[Date "2011.05.02"]
[Round "3.91"]
[White "Henniges, Erhard"]
[Black "Narr, Irmgard"]
[Result "0-1"]
[WhiteElo "1682"]
[BlackElo "1780"]
[PlyCount "88"]
[EventDate "2011.??.??"]

1. e4 e6 2. d4 b6 3. Bd3 Bb7 4. Nf3 d6 5. O-O Nf6 6. Re1 Be7 7. Nbd2 O-O 8. e5
dxe5 9. dxe5 Nd5 10. Ne4 Nb4 11. Qe2 Nxd3 12. cxd3 Ba6 13. Rd1 Nc6 14. a3 Nd4
15. Nxd4 Qxd4 16. Be3 Qxe4 17. Qc2 Qxe5 18. d4 Qd6 19. b4 Bb7 20. Rac1 Qd5 21.
f3 Bd6 22. Qd2 Qh5 23. Bf4 Qg6 24. Rc3 Qf5 25. Bxd6 cxd6 26. Qe3 h5 27. h3 Rac8
28. Rdc1 Rxc3 29. Rxc3 Rc8 30. Rxc8+ Bxc8 31. g4 hxg4 32. hxg4 Qb1+ 33. Kf2
Qb2+ 34. Kg3 Ba6 35. Qf4 e5 36. dxe5 dxe5 37. Qe4 Bf1 38. Qa8+ Kh7 39. Qe4+ g6
40. f4 Qxa3+ 41. Kh4 Qh3+ 42. Kg5 Qh6+ 43. Kf6 Qxf4+ 44. Qxf4 exf4 0-1

[Event "Offene Hessische Senioren Einzelmeisters"]
[Site "Bad Sooden- Allendorf"]
[Date "2011.05.02"]
[Round "3.92"]
[White "Samarian, Cornel"]
[Black "Köhler, Marianne"]
[Result "1/2-1/2"]
[WhiteElo "1757"]
[BlackElo "1661"]
[PlyCount "87"]
[EventDate "2011.??.??"]

1. d4 g6 2. Nf3 Bg7 3. c4 d6 4. Nc3 Nd7 5. e4 f6 6. Bd3 Nh6 7. O-O O-O 8. h3
Nf7 9. Be3 e5 10. Qc2 Ng5 11. Nh2 Nf7 12. Rae1 a6 13. a4 exd4 14. Bxd4 Nde5 15.
Be2 Be6 16. b3 Nc6 17. Be3 Qc8 18. Nd5 Bxd5 19. exd5 Nb4 20. Qd2 a5 21. Ng4 f5
22. Nh6+ Nxh6 23. Bxh6 Qd7 24. Bxg7 Qxg7 25. Bd1 Rfe8 26. Re6 Rxe6 27. dxe6 Re8
28. Re1 Re7 29. Bf3 b6 30. g3 Qf6 31. Kg2 Na6 32. Bd5 Kg7 33. Re3 Nc5 34. Qc3
Qxc3 35. Rxc3 Nxe6 36. Re3 Kf6 37. Bxe6 Rxe6 38. Rd3 Re5 39. f4 Re6 40. Kf3 h6
41. g4 fxg4+ 42. hxg4 Re1 43. Kf2 Re7 44. Kf3 1/2-1/2

[Event "Offene Hessische Senioren Einzelmeisters"]
[Site "Bad Sooden- Allendorf"]
[Date "2011.05.02"]
[Round "3.93"]
[White "Preiß, Gerhard"]
[Black "Helm, Irmgard"]
[Result "1-0"]
[WhiteElo "1799"]
[BlackElo "1714"]
[PlyCount "120"]
[EventDate "2011.??.??"]

1. c4 Nf6 2. Nc3 e5 3. g3 g6 4. Bg2 Bg7 5. e3 c6 6. d4 exd4 7. Qxd4 O-O 8. Nge2
Na6 9. Qd1 Nc7 10. e4 a6 11. Be3 b5 12. Qb3 Ng4 13. Bb6 Rb8 14. Bd4 Ne6 15.
Bxg7 Nxg7 16. O-O h5 17. cxb5 axb5 18. Nf4 Ne6 19. Nxe6 dxe6 20. Rad1 Qe7 21.
Ne2 h4 22. h3 Ne5 23. Qc3 Nc4 24. b3 Na3 25. Qxc6 Bb7 26. Qd6 Rfe8 27. Rd2 Qxd6
28. Rxd6 Rbc8 29. Rfd1 hxg3 30. fxg3 Rc2 31. R1d2 b4 32. Rxc2 Nxc2 33. Nd4 Ne3
34. Rb6 Ba8 35. Rxb4 Nxg2 36. Kxg2 Bxe4+ 37. Kf2 Bd5 38. a4 e5 39. Rb5 Rd8 40.
Ne2 f6 41. a5 Bc6 42. Rb6 Rd6 43. a6 Kf7 44. b4 Ke6 45. b5 Bd5 46. Rxd6+ Kxd6
47. Nc3 Ba8 48. Ke3 Kc7 49. Na4 Kb8 50. b6 Bc6 51. Nc5 Ka8 52. Ne6 Kb8 53. Nf8
g5 54. Nh7 Bb5 55. a7+ Kb7 56. Nxf6 Bc6 57. Nh7 Kxb6 58. Nxg5 Kxa7 59. Nf7 e4
60. Ng5 Bd7 1-0

[Event "Offene Hessische Senioren Einzelmeisters"]
[Site "Bad Sooden- Allendorf"]
[Date "2011.05.02"]
[Round "3.94"]
[White "Hopp, Dr. Barbara"]
[Black "Semisch, Helga"]
[Result "1-0"]
[WhiteElo "1799"]
[BlackElo "1609"]
[PlyCount "27"]
[EventDate "2011.??.??"]

1. d4 d5 2. e4 dxe4 3. Nc3 Nf6 4. f3 exf3 5. Nxf3 e6 6. Bg5 Be7 7. Bd3 O-O 8.
O-O Nbd7 9. Qe1 h6 10. Bxh6 gxh6 11. Qh4 Bd6 12. Qxh6 e5 13. Ng5 Re8 14. Bh7+
1-0

[Event "Offene Hessische Senioren Einzelmeisters"]
[Site "Bad Sooden- Allendorf"]
[Date "2011.05.02"]
[Round "3.95"]
[White "Janzen, Christian"]
[Black "Wernitz, Armin"]
[Result "1-0"]
[WhiteElo "1759"]
[BlackElo "1598"]
[PlyCount "120"]
[EventDate "2011.??.??"]

1. e4 d6 2. d4 g6 3. c3 Bg7 4. Nf3 Nf6 5. h3 Nxe4 6. Bd3 f5 7. O-O O-O 8. Qb3+
Kh8 9. Re1 Nf6 10. Ng5 d5 11. Ne6 Bxe6 12. Qxb7 Nbd7 13. Rxe6 Nb6 14. Bf4 Qd7
15. Rc6 Ne8 16. Bb5 Qc8 17. Qxc8 Rxc8 18. Ba6 Rd8 19. Bxc7 Nxc7 20. Rxc7 Rd7
21. Rxd7 Nxd7 22. Nd2 e5 23. Nb3 e4 24. Rc1 Rb8 25. Be2 Kg8 26. c4 dxc4 27.
Bxc4+ Kf8 28. Be6 Ke7 29. Bxd7 Kxd7 30. Rc2 Rb4 31. Kf1 Kd6 32. Ke2 Kd5 33. Rc7
Bxd4 34. Rxh7 Bf6 35. Rxa7 Bxb2 36. Ra5+ Ke6 37. Ke3 Kf6 38. h4 Rb6 39. Nc5 Rd6
40. Nb3 Rd3+ 41. Ke2 Rd6 42. g3 Bc3 43. Ra8 Ke5 44. Rc8 Bb2 45. Rc5+ Kf6 46.
Na5 Bd4 47. Rc6 Rxc6 48. Nxc6 Bb6 49. a4 Ke6 50. a5 Bc5 51. a6 Kd6 52. a7 Bxa7
53. Nxa7 Kc7 54. Nb5+ Kc6 55. Nd4+ Kd5 56. Ke3 Ke5 57. Ne2 Ke6 58. Nf4+ Kf6 59.
Kd4 g5 60. hxg5+ Kxg5 1-0

[Event "Offene Hessische Senioren Einzelmeisters"]
[Site "Bad Sooden- Allendorf"]
[Date "2011.05.02"]
[Round "3.96"]
[White "Graffenberger, Wilhelm"]
[Black "Gröner, Marga"]
[Result "1/2-1/2"]
[WhiteElo "1762"]
[BlackElo "1480"]
[PlyCount "37"]
[EventDate "2011.??.??"]

1. d4 d5 2. Nf3 c6 3. e3 Bf5 4. Nbd2 a6 5. Be2 e6 6. O-O Bd6 7. Re1 Nf6 8. Nf1
Nbd7 9. c4 O-O 10. Bd3 Bxd3 11. Qxd3 Re8 12. N1d2 e5 13. dxe5 Nxe5 14. Nxe5
Bxe5 15. Nf3 Bc7 16. Bd2 dxc4 17. Qxc4 Qd7 18. Bc3 Qe6 19. Qxe6 1/2-1/2

[Event "Offene Hessische Senioren Einzelmeisters"]
[Site "Bad Sooden- Allendorf"]
[Date "2011.05.02"]
[Round "3.97"]
[White "Nols, Uwe"]
[Black "Klein, Alfred"]
[Result "0-1"]
[WhiteElo "1229"]
[BlackElo "1737"]
[PlyCount "36"]
[EventDate "2011.??.??"]

1. e4 e5 2. Nf3 Nc6 3. Bc4 Nd4 4. c3 Nxf3+ 5. Qxf3 Nf6 6. d4 d6 7. O-O c6 8.
Rd1 Bg4 9. Qd3 Bxd1 10. Qxd1 Nxe4 11. Bxf7+ Kxf7 12. Qf3+ Nf6 13. Bg5 Be7 14.
Nd2 Rf8 15. Be3 Kg8 16. h3 Nd5 17. Qg3 Nxe3 18. Qxe3 Bg5 0-1

[Event "Offene Hessische Senioren Einzelmeisters"]
[Site "Bad Sooden- Allendorf"]
[Date "2011.05.02"]
[Round "3.98"]
[White "Dirks, Rainer"]
[Black "Mittelstaedt, Ewald"]
[Result "0-1"]
[WhiteElo "1610"]
[BlackElo "1684"]
[PlyCount "60"]
[EventDate "2011.??.??"]

1. e4 d6 2. Nf3 Nf6 3. Nc3 Bg4 4. Be2 e5 5. h3 Bh5 6. d4 exd4 7. Nxd4 Bxe2 8.
Qxe2 g6 9. O-O Nbd7 10. Nf3 Bg7 11. e5 dxe5 12. Nxe5 O-O 13. Nxd7 Qxd7 14. Rd1
Qf5 15. Be3 Rfe8 16. Qd3 Qe6 17. Nb5 Qc6 18. Nxa7 Rxa7 19. Bxa7 b6 20. Qa3 Bf8
21. Qc3 Qxc3 22. bxc3 Ra8 23. Bxb6 cxb6 24. a4 Bc5 25. Kf1 Ne4 26. c4 Bxf2 27.
Rd5 Bc5 28. Rd7 Nd6 29. Ke2 Nxc4 30. Kd3 Ne5+ 0-1

[Event "Offene Hessische Senioren Einzelmeisters"]
[Site "Bad Sooden- Allendorf"]
[Date "2011.05.02"]
[Round "3.101"]
[White "Rollwitz, Inge"]
[Black "Ludwig, Richard"]
[Result "1/2-1/2"]
[WhiteElo "1476"]
[BlackElo "1716"]
[PlyCount "59"]
[EventDate "2011.??.??"]

1. d4 Nf6 2. c4 e5 3. dxe5 Ng4 4. Nf3 Bc5 5. e3 Nc6 6. Nc3 Ngxe5 7. Nxe5 Nxe5
8. Be2 O-O 9. a3 a6 10. b4 Be7 11. O-O d6 12. Nd5 Re8 13. Bb2 c6 14. Bxe5 dxe5
15. Nxe7+ Qxe7 16. c5 Be6 17. Rc1 Red8 18. Qc2 Rd7 19. Rcd1 Rad8 20. Rxd7 Rxd7
21. Rd1 Qd8 22. Rxd7 Qxd7 23. Qd1 Qe7 24. g3 Kf8 25. f3 Ke8 26. Kf2 f6 27. e4
g5 28. Qd2 h6 29. g4 Bf7 30. h3 1/2-1/2

[Event "Offene Hessische Senioren Einzelmeisters"]
[Site "Bad Sooden- Allendorf"]
[Date "2011.05.02"]
[Round "3.102"]
[White "Ludwig, Egbert"]
[Black "Klose, Hans-Peter"]
[Result "1/2-1/2"]
[WhiteElo "1490"]
[BlackElo "1729"]
[PlyCount "137"]
[EventDate "2011.??.??"]

1. d4 Nf6 2. Nf3 g6 3. g3 Bg7 4. Bg2 O-O 5. O-O d6 6. c4 e6 7. Nc3 Re8 8. Qc2
Nbd7 9. Rd1 a6 10. e4 Qe7 11. b3 e5 12. h3 Rb8 13. Be3 exd4 14. Nxd4 Nc5 15. f3
Ne6 16. Rac1 Nh5 17. Nde2 Nf6 18. Rd2 b5 19. Nd5 Nxd5 20. cxd5 Nc5 21. Bxc5
dxc5 22. Qxc5 Qxc5+ 23. Rxc5 Be5 24. Rdc2 Bd6 25. Rc6 Bb7 26. R6c3 Bb4 27. Rd3
Re7 28. Nd4 Rc8 29. Nc6 Bxc6 30. Rxc6 a5 31. Rd1 Bd6 32. Kf2 Kg7 33. Rdc1 Bb4
34. Bf1 Ba3 35. R1c2 Bd6 36. Bxb5 Rb8 37. Ba4 Be5 38. Ra6 Bd4+ 39. Kg2 Bb6 40.
Rc6 Rd8 41. Rc4 Kf6 42. b4 axb4 43. Rxb4 Kg7 44. Rc4 h6 45. Bc6 f5 46. a4 fxe4
47. Rxe4 Rxe4 48. fxe4 Rf8 49. a5 Rf2+ 50. Kg1 Ra2+ 51. Kf1 Ra1+ 52. Ke2 Bxa5
53. Bd7 Re1+ 54. Kd3 Bb6 55. Ra4 Re3+ 56. Kc2 Rxg3 57. Rc4 Rg2+ 58. Kb3 Rd2 59.
Ka4 Rd4 60. Kb5 Rxc4 61. Kxc4 Kf6 62. Bg4 Ke5 63. Bf3 g5 64. Kb5 Kd6 65. Kc4
Ke5 66. Kd3 Kf4 67. Bg4 Ke5 68. Bf3 Kf4 69. Bg4 {
weitere 25 Züge nicht rekonstruierbar} 1/2-1/2

[Event "Offene Hessische Senioren Einzelmeisters"]
[Site "Bad Sooden- Allendorf"]
[Date "2011.05.02"]
[Round "3.103"]
[White "Donner, Ernst"]
[Black "Graffenberger, Marianne"]
[Result "0-1"]
[WhiteElo "1648"]
[BlackElo "1483"]
[PlyCount "92"]
[EventDate "2011.??.??"]

1. e4 e5 2. Nf3 Nc6 3. Bc4 Nf6 4. Ng5 d5 5. exd5 Nxd5 6. Qf3 Qxg5 7. Bxd5 Be6
8. Bxc6+ bxc6 9. Qxc6+ Bd7 10. Qxa8+ Ke7 11. O-O Qg6 12. d3 Bc6 13. Bg5+ Kd7
14. Qd8+ Ke6 15. f3 Bc5+ 16. Kh1 Rxd8 17. Bxd8 Bd6 18. Bh4 f5 19. Nc3 e4 20.
Rae1 Kd7 21. dxe4 fxe4 22. Nxe4 Qh6 23. Nxd6 Qxh4 24. Nf5 Qg5 25. Ng3 h5 26.
Ne4 Qf5 27. c3 g5 28. Ng3 Qf7 29. a3 h4 30. Ne4 Qf5 31. Rd1+ Kc8 32. b4 g4 33.
Rd4 gxf3 34. Rxf3 Qe5 35. Rf8+ Kb7 36. Nd2 Qg7 37. Rf2 h3 38. Ne4 Qg6 39. Nc5+
$11 Kb6 40. Na4+ Bxa4 41. g3 Bc6+ 42. Kg1 Qb1+ 43. Rf1 Qc2 44. Rf2 Qxc3 45. Rh4
Bg2 46. a4 Qc1+ 0-1